1253 1711 1615 1147 1323 1625 1859 1648 1392 1295 1081 1886 1030 1716 1466 1524 1571 1704 1385 1919 1425 1519 1606 1471 1380 1828 1878 1855 1188 1505 1177 1374 1262 1935 1930 1356 1395 1638 1042 2000 1876 1884 1541 1662 1308 1384 1195 1233 1837 1105 1020 1121 1336 1418 1868 1801 1246 1497 1422 1517 1326 1215 1660 1979 1618 1262 1546 1054 1142 1260 1891 1754 1745 1924 1410 1898 1342 1257 1563 1498 1320 1819 1143 1748 1346 1295 1068 1374 1298 1981 1739 1444 1992 1082 1938 1735 1340 1123 1427 BCNSPRNW ULIB Ver.6.0+V

เปลี่ยนเป็นภาษาไทย

Change to English
 แสดงรายละเอียดบรรณานุกรม
  กลับหน้าหลัก

Brief Record : Get Marc (ISO 2709) : E-mail record : QR code < ปิดหน้าต่าง
LEADER : 00000nam 2200000uu 4500
001    13399121645
003     ULIB
008    121128s2549||||th 000 0 tha d
020    ^a9745159654
060 04 ^aWS200^bอ858H
245 00 ^aHot issues in pediatrics /^cสมาคมกุมารแพทย์แห่งประเทศไทย ;บรรณาธิการ, อุไรวรรณ โชติเกียรติ, ชิษณุ พันธุ์เจริญ, อุษา ทิสยากร
250    ^aพิมพ์ครั้งที่ 1
260    ^aกรุงเทพฯ :^bสมาคมกุมารแพทย์แห่งประเทศไทย,^c2549
300    ^a280 หน้า :^bภาพประกอบ ;^c26 ซม.
504    ^aบรรณานุกรมและดัชนี
650  7 ^aกุมารเวชศาสตร์
700 0  ^aอุไรวรรณ โชติเกียรติ,^eบรรณาธิการ
700 0  ^aอุษา ทิสยากร,^eบรรณาธิการ
700 0  ^aชิษณุ พันธุ์เจริญ,^eบรรณาธิการ
710 2  ^aสมาคมกุมารแพทย์แห่งประเทศไทย
945    ^p350^l0^i24266
945    ^p350^l0^i24267
995    ^aวิภา
999 ^a ใช้งานได้ทุกระบบ
รายการนี้ยังไม่มีแท็ก
คุณยังไม่ได้ล็อกอิน คุณสามารถมีกิจกรรมร่วมกับเว็บไซต์ได้ แต่ต้องล็อกอินก่อน ::
  ล็อกอิน

รายการสื่อสารสนเทศ

ลำดับที่ ประเภท เลขเรียก/บาร์โค้ด สถานที่ สถานะ
1. วิทยาศาสตร์การแพทย์ และสุขภาพ
วิทยาศาสตร์การแพทย์ และสุขภาพ
WS200 อ858H  
  Barcode: 24266
ห้องสมุดวิทยาเขตสวรรค์ประชารักษ์
►หนังสือทั่วไป
บนชั้น
2. วิทยาศาสตร์การแพทย์ และสุขภาพ
วิทยาศาสตร์การแพทย์ และสุขภาพ
WS200 อ858H ฉ.2 
  Barcode: 24267
ห้องสมุดวิทยาเขตสวรรค์ประชารักษ์
►ส่วนจัดเก็บหนังสือเก่า สปร
บนชั้น
  ขอยืม

รายการใกล้เคียง
    หัวเรื่อง [กุมารเวชศาสตร์]

BibComment


ยังไม่เคยถูกคอมเมนท์

คอมเมนท์ทรัพยากรรายการนี้
  คอมเมนท์: Hot issues in pe..


 Copyright 2026. Bcnsprnw @Library